书目信息 |
| 题名: |
给水排水设计手册
|
|
| 作者: | 北京市市政设计院主编 | |
| 分册: | 第5册 城市排水 | |
| 出版信息: | 北京 中国建筑工业出版社 1988.10 |
|
| 页数: | 410页 | |
| 开本: | 16开 | |
| 丛书名: | ||
| 单 册: | ||
| 中图分类: | TU991.02-62 | |
| 科图分类: | ||
| 主题词: | ||
| 电子资源: | ||
| ISBN: | 7-112-00412-8 | |
| 000 | 00601nam0 2200181 45 | |
| 001 | 0199007196 | |
| 005 | 20091102123841.95 | |
| 010 | @a7-112-00412-8@b精装@d10.30元 | |
| 100 | @a19990804d km y0chiy0120 ea | |
| 101 | 0 | @achi |
| 105 | @a z 000yy | |
| 200 | 1 | @Agei shui pai shui she ji shou ce@FBEI JING SHI SHI ZHENG SHE JI YUAN ZHU BIAN@a给水排水设计手册@h第5册@i城市排水@f北京市市政设计院主编 |
| 210 | @a北京@c中国建筑工业出版社@d1988.10 | |
| 215 | @a410页@c无图表@d16开 | |
| 517 | 1 | @a城市排水@Acheng shi pai shui |
| 690 | @aTU991.02-62 | |
| 801 | 0 | @c20091102 |
| 905 | @dTU991.02-62@eB550:5@f4 | |
| 给水排水设计手册.第5册.城市排水/北京市市政设计院主编.-北京:中国建筑工业出版社,1988.10 |
| 410页:无图表;16开 |
| ISBN 7-112-00412-8(精装):10.30元 |
| ● |
| 相关链接 |
|
|
|
正题名:给水排水设计手册
索取号:TU991.02-62/B550:5
 
预约/预借
| 序号 | 登录号 | 条形码 | 馆藏地/架位号 | 状态 | 备注 |
| 1 | 25969 | 200060968 | 自科二线404/404自科库 24排5列3层/ [索取号:TU991.02-62/B550:5] | 在馆 | |
| 2 | 25972 | 200027522 | 建筑库201/201建筑库 129排1列4层/ [索取号:TU991.02-62/B550:5] | 在馆 | |
| 3 | 25978 | 200046994 | 建筑库201/201建筑库 128排2列6层/ [索取号:TU991.02-62/B550:5] | 在馆 | |
| 4 | 453 | 200309790 | 建筑库201/101建筑库 95排1列2层/ [索取号:TU991.02-62/B550:5] | 在馆 | |
| 5 | 455 | 202051616 | 自科二线404/404自科库 18排4列2层/ [索取号:TU991.02-62/B550:5] | 在馆 | |
| 6 | 5624 | 200076425 | 建筑库201/201建筑库 129排1列2层/ [索取号:TU991.02-62/B550:5] | 在馆 |